00651 2200253 4500001002100000005001700021008004100038020002200079035002400101040001200125041000800137082001600145084001600161100001400177245005000191250001100241260003000252300003200282650001000314650002500324850001200349990001800361990001800379INLIS00000000002986420170816081223.0  a978-602-6348-11-1 0010-081700000000070 aYOPDYOG0 aind042[23]a635.6 a635.6 Uli H0 aULIN NUHA0 aHujan rejeki dari budidaya cabaic/ Ulin Nuha aCet. 1 a[s.l]bVillam Mediac2016 a108 hlm.b: ilus.c; 21 cm. 4aCabai 4aTanaman holtikultura aYOPDYOG a55581-PD/A.17 a55582-PD/A.17